| 000 | 00877nac a22002531u 4500 | ||
|---|---|---|---|
| 010 | _a | ||
| 020 |
_a8122403298 _a8122403298 |
||
| 082 | 0 | 0 |
_a621.3 _bDES |
| 090 |
_c6670 _d6670 |
||
| 100 | _a20080729 | ||
| 245 | 0 | 0 |
_aElectricity / _cedited by Ashok V. Desai |
| 260 |
_aNew Delhi : _bWiley eastern limited,1990 _c1990 |
||
| 300 |
_a158 p. : _bill. ; _c24 cm. |
||
| 500 | _aIncludes index. | ||
| 500 | _adistributer: Al-Ahram | ||
| 511 | _acatalogued by: wessam | ||
| 520 | _aA textbook of electricity, including a list of various careers involving electricity. | ||
| 650 | 0 |
_aElectric engineering _xJuvenile literature. |
|
| 650 | 0 |
_aElectric industries _xVocational guidance _xJuvenile literature. |
|
| 650 | 0 | _aElectricity. | |
| 650 | 0 | _aElectric engineering. | |
| 700 | 1 | _a Desai, Ashok V. | |
| 942 |
_cBB _k621.3DES |
||
| 999 |
_c6670 _d6670 |
||